Statystyki dla Kraje, które pisze się tak samo po polsku i angielsku

Kliknij tutaj aby rozwiązać quiz!

Ogólne statystyki

  • Ten quiz został rozwiązany 545 razy
  • Średni wynik to 25 z 64

Statystyki odpowiedzi

Odpowiedź% Poprawnych
Australia
70%
Panama
68%
Chile
61%
Austria
57%
San Marino
57%
Peru
56%
Iran
55%
Oman
51%
Liechtenstein
49%
Niger
49%
Nigeria
47%
Angola
46%
Malta
46%
Albania
44%
Sudan
44%
Haiti
42%
Mali
42%
Armenia
41%
Senegal
41%
Zambia
41%
Zimbabwe
41%
Belize
40%
Estonia
40%
Ghana
40%
Honduras
40%
Serbia
40%
Pakistan
39%
Somalia
39%
Bhutan
38%
Togo
38%
Laos
37%
Lesotho
37%
Nepal
37%
Vanuatu
37%
Palau
35%
Benin
34%
Namibia
34%
Barbados
33%
Gabon
33%
Gambia
33%
Mongolia
33%
Nauru
33%
Sri Lanka
33%
Tuvalu
33%
Botswana
32%
Syria
32%
Tonga
32%
Turkmenistan
32%
Uganda
31%
Uzbekistan
31%
Brunei
30%
Burundi
30%
Tanzania
30%
Burkina Faso
29%
Rwanda
29%
Samoa
29%
Kiribati
28%
Saint Lucia
28%
Sierra Leone
28%
Eswatini
27%
Liberia
27%
Malawi
25%
Grenada
22%
Mauritius
22%

Rozkład punktacji

Percentyl według liczby udzielonych odpowiedzi

Procent ludzi z każdym wynikiem

Twoja historia wyników

Nie rozwiązałeś tego quizu